|
|
|
|
| LEADER |
00804pam a22002418a 4500 |
| 001 |
00020847 |
| 005 |
20171026081022.0 |
| 008 |
110520s1990 ||||||Viesd |
| 041 |
0 |
# |
|a Vie
|
| 082 |
1 |
# |
|a 895,1
|b H125TH
|
| 100 |
0 |
# |
|a Thi Nại Am La Quán Trung
|
| 245 |
0 |
0 |
|a Hậu Thủy Hử
|c Thi Nại Am, La Quán Trung, Ngô Đức Thọ, Nguyễn Thúy Nga
|n T.2
|
| 260 |
# |
# |
|a H,
|b Văn học
|c 1990
|
| 300 |
|
|
|b 260 tr
|c 19cm
|
| 650 |
# |
7 |
|2 Trung Quốc
|
| 650 |
# |
7 |
|2 Văn học cổ điển
|
| 653 |
# |
# |
|a Tiểu thuyết
|
| 700 |
0 |
# |
|a Nguyễn Thúy Nga
|
| 700 |
0 |
# |
|a Ngô Đức Thọ
|
| 852 |
# |
# |
|b Kho đọc
|j KD.0006334
|
| 852 |
# |
# |
|j KD.0006334
|
| 910 |
# |
# |
|a Hiếu
|d 20/05/2011
|
| 980 |
# |
# |
|a Trung tâm Học liệu Lê Vũ Hùng, Trường Đại học Đồng Tháp
|